LEADER 00862nam0-22002651i-450- 001 990002768430403321 035 $a000276843 035 $aFED01000276843 035 $a(Aleph)000276843FED01 035 $a000276843 100 $a20000920d1982----km-y0itay50------ba 101 0 $aENG 200 1 $aAspetti funzionali e di mercato degli strumenti di ricapitalizzazione delle banche.$fdi Francesco Cesarini 210 $aMilano$cAss. per lo Sv. degli St. di B anca e Borsa$d1982 215 $a39 p.$dcm 21 225 1 $aQuaderno ; 42$v 700 1$aCesarini,$bFrancesco$0102134 801 0$aIT$bUNINA$gRICA$2UNIMARC 901 $aBK 912 $a990002768430403321 952 $a9-728/42-TB$b4803/42$fECA 959 $aECA 996 $aAspetti funzionali e di mercato degli strumenti di ricapitalizzazione delle banche$9423791 997 $aUNINA DB $aING01 LEADER 01323nam0 2200313 i 450 001 SUN0001810 005 20150629023208.969 010 $a88-14-04996-3$d0.00 020 $aIT$b95 3815 100 $a20020701d1994 |0itac50 ba 101 $aita 102 $aIT 105 $a|||| ||||| 200 1 $aIl *diritto del lavoro delle origini$fLaura Castelvetri 210 $aMilano$cGiuffrè$d1994 215 $a398 p.$d24 cm. 410 1$1001SUN0045853$12001 $aPubblicazioni della Facoltà di giurisprudenza$fUniversità degli studi di Milano$v72$1210 $aMilano$cGiuffré. 606 $aDiritto del lavoro$xStoria$2FI$3SUNC001389 606 $aDiritto del lavoro$xItalia$2FI$3SUNC001895 620 $dMilano$3SUNL000284 676 $a344.450109$v21 700 1$aCastelvetri$b, Laura$3SUNV001876$0237518 712 $aGiuffrè$3SUNV001757$4650 801 $aIT$bSOL$c20181231$gRICA 912 $aSUN0001810 950 $aUFFICIO DI BIBLIOTECA DEL DIPARTIMENTO DI ECONOMIA$d03PREST IVDb25 $e03 30876 20130520 950 $aUFFICIO DI BIBLIOTECA DEL DIPARTIMENTO DI GIURISPRUDENZA$d00CONS IX.Eaa.1 $e00 533111 20020823 996 $aDiritto del lavoro delle origini$9642601 997 $aUNICAMPANIA LEADER 00894nam0-2200277 --450 001 9910316159003321 005 20190419092345.0 010 $a9783443010904 100 $a20190419d2018----kmuy0itay5050 ba 101 $aeng 102 $aDE 105 $a 001yy 200 1 $aEssentials of soil science$esoil formation, functions, use and classification (World Reference Base, WRB)$fWinfried E. H. Blum, Peter Schad, Stephen Northcliff 210 $aStuttgart$cBorntraeger$d2018 215 $a171 p.$cill.$d24 cm 676 $a631.4$v23$zITA 700 1$aBlum,$bWinfried E.H.$0763890 701 1$aSchad,$bPeter$0763891 701 1$aNortcliff,$bStephen$0763892 801 0$aIT$bUNINA$gREICAT$2UNIMARC 901 $aBK 912 $a9910316159003321 952 $a60 631.4 BLUW 2018$b194/2019$fFAGBC 959 $aFAGBC 996 $aEssentials of soil science$91550386 997 $aUNINA